| 000 | 00714nam a2200193Ii 4500 | ||
|---|---|---|---|
| 003 | JO-AjNU | ||
| 008 | 230605s9999||||xx |||||||||||||| ||und|| | ||
| 040 |
_aJO-AjNU _bara _erda _cJO-AjNU |
||
| 041 | _aara | ||
| 050 | 1 | 4 | _aLA1491.R3888.1987 |
| 100 | 3 |
_aالراوي، مسارع حسن, _eauthor _936427 |
|
| 245 | 0 | 0 | _aدراسات حول التربية في البلاد العربية |
| 264 | 3 | 1 | _aبيروت:المكتبة العصرية للطباعة والنشر والتوزيع،1987 |
| 300 | _a255ص | ||
| 336 |
_atext _btxt _2rdacontent |
||
| 337 |
_aunmediated _bn _2rdamedia |
||
| 338 |
_avolume _bnc _2rdacarrier |
||
| 650 | 4 |
_a التربية والتعليم-عالم عربي-فلسفة _936428 |
|
| 999 |
_aA15134 _c18702 _d18702 |
||